Làm thế nào giáo dục trẻ thông minh sớm: Chọn lọc những kinh nghiệm dạy con theo "Phương án 0 tuổi" = Chẩm dạng bồi dưỡng tảo tuệ nhi: "0 tuế phương án" giáo tử kinh nghiệm tập cẩm
Zapisane w:
| 1. autor: | |
|---|---|
| Format: | Książka |
| Język: | Undetermined |
| Wydane: |
H.
Phụ Nữ
2002
|
| Hasła przedmiotowe: | |
| Etykiety: |
Dodaj etykietę
Nie ma etykietki, Dołącz pierwszą etykiete!
|
| Thư viện lưu trữ: | Trung tâm Học liệu Trường Đại học Cần Thơ |
|---|
| LEADER | 00789nam a2200193Ia 4500 | ||
|---|---|---|---|
| 001 | CTU_54167 | ||
| 008 | 210402s9999 xx 000 0 und d | ||
| 020 | |b 43000 | ||
| 082 | |a 649.1 | ||
| 082 | |b T406 | ||
| 100 | |a Phùng Đức Toàn | ||
| 245 | 0 | |a Làm thế nào giáo dục trẻ thông minh sớm: Chọn lọc những kinh nghiệm dạy con theo "Phương án 0 tuổi" | |
| 245 | 0 | |b = Chẩm dạng bồi dưỡng tảo tuệ nhi: "0 tuế phương án" giáo tử kinh nghiệm tập cẩm | |
| 245 | 0 | |c Phùng Đức Toàn và Long Khởi Chí; Nguyễn Kim Dân dịch | |
| 260 | |a H. | ||
| 260 | |b Phụ Nữ | ||
| 260 | |c 2002 | ||
| 650 | |a child rearing | ||
| 980 | |a Trung tâm Học liệu Trường Đại học Cần Thơ | ||